Score 0/14 Timer 02:00
0 Plays Today
Clue 4-Letter Word % Correct
Not so fast!SLOW
98.1%
A casino machine of chanceSLOT
95.8%
Popular rap subgenreTRAP
95.2%
Pre-test ritualCRAM
94.8%
Italian shape, colloquiallyBOOT
94.8%
Ink stainBLOT
93.9%
Vehicle on railsTRAM
93.2%
Clue 4-Letter Word % Correct
Nails on a predator, perhapsCLAW
92.8%
ImperfectionFLAW
90.4%
Marine bivalveCLAM
90%
Continuous smooth movementFLOW
89%
Sound of an explosionBOOM
86.7%
Portal openingDOOR
83.9%
Seminal first person shooterDOOM
82.3%

Today's Daily Dose

Missing Word
'T' Pairs

Word Ladder
Game Pieces

Get the Picture
Baseball Movies

Remove Ads.
Support Sporcle.
Get the best of Sporcle when you Go Orange. This ad-free experience offers more features, more stats, and more fun while also helping to support Sporcle. Thank you for becoming a member.

You're not logged in!

Compare scores with friends on all Sporcle quizzes.
OR
Log In

Show Comments

Extras

Top Quizzes Today


Score Distribution

Your Account Isn't Verified!

In order to create a playlist on Sporcle, you need to verify the email address you used during registration. Go to your Sporcle Settings to finish the process.

Report this User

Report this user for behavior that violates our Community Guidelines.

Details: